Loading...
| Fine Arts - Visual Fine Arts | 1 | 6 | 1 | 1 | 70 | 62 | 94.29 | 2 | 5 |
| Literature - British Literature | 2 | 3 | 0 | 1 | 60 | 68 | 94.20 | 3 | 5 |
| Fine Arts - Other Fine Arts | 0 | 5 | 0 | 2 | 50 | 72 | 109.20 | 1 | 4 |
| History - European History | 2 | 2 | 0 | 2 | 50 | 70 | 84.00 | 0 | 1 |
| Literature - World Literature | 2 | 1 | 0 | 0 | 40 | 70 | 80.33 | 0 | 1 |
| Literature - European Literature | 1 | 1 | 0 | 1 | 25 | 50 | 98.50 | 1 | 1 |
| Fine Arts - Auditory Fine Arts | 0 | 3 | 2 | 0 | 20 | 86 | 89.67 | 0 | 2 |
| Mythology | 0 | 2 | 0 | 1 | 20 | 88 | 95.50 | 0 | 1 |
| Religion | 0 | 2 | 1 | 2 | 15 | 114 | 119.00 | 0 | 0 |
| Pop Culture | 1 | 0 | 0 | 0 | 15 | 47 | 47.00 | 1 | 1 |
| Science - Other Science | 0 | 1 | 0 | 0 | 10 | 96 | 96.00 | 0 | 1 |
| Literature - American Literature | 0 | 1 | 0 | 0 | 10 | 105 | 105.00 | 0 | 1 |
| History - Other History | 0 | 1 | 0 | 0 | 10 | 107 | 107.00 | 0 | 1 |
| History - World History | 0 | 1 | 0 | 0 | 10 | 100 | 100.00 | 0 | 0 |
| Science - Biology | 0 | 1 | 0 | 0 | 10 | 97 | 97.00 | 0 | 1 |
| Other Academic | 0 | 0 | 1 | 0 | -5 | 0.00 | 0 | 0 |